LEADER 00914nam0 2200265 450 001 000012125 005 20080530131210.0 010 $a0-521-48459-6 100 $a20080530d1992----km-y0itay50------ba 101 0 $aeng 102 $aGB 105 $ay-------001yy 200 1 $aAdvances in economic theory sixth world congrss$evol. I$fedited by Jean-Jacques Laffont 210 $aCambridge$cCambridge univ. press$d1992c 215 $a327 p.$cgraf. e tab.$d22 cm 225 2 $aEconometric society monographs$v20 300 $aScritti di autori vari 410 0$12001$aEconometric society monographs 610 1 $aEconomia dell'incertezza e dell'informazione 701 1$aLaffont,$bJean-Jacques$0437953 801 0$aIT$bUNIPARTHENOPE$c20080530$gRICA$2UNIMARC 912 $a000012125 951 $a026/16$b7703$cNAVA2$d2008 996 $aAdvances in economic theory sixth world congrss$91203133 997 $aUNIPARTHENOPE